Dlhodobé zdroje financovania podnikových potrieb diplomová práca

Saved in:
Bibliographic Details
Main Author: Okasová, Petra
Corporate Author: Fakulta podnikového manažmentu EU. Katedra podnikových financií
Other Authors: Miková, Oľga
Format: Book
Language:Slovak
Published: Bratislava 2013
Tags: Add Tag
No Tags, Be the first to tag this record!

MARC

LEADER 00000nbm a2200000 4500
001 0176216
005 20170209092704.7
041 0 |a slo 
044 |a SK 
245 1 0 |a Dlhodobé zdroje financovania podnikových potrieb  |b diplomová práca  |c Petra Okasová ; školiteľ: Oľga Miková 
264 1 |a Bratislava  |c 2013 
300 |a 81 s. 
100 1 |a Okasová, Petra 
700 1 |a Miková, Oľga 
710 2 |a Fakulta podnikového manažmentu EU. Katedra podnikových financií